Studies on hysteria/ (Record no. 544597)

000 -LEADER
fixed length control field 00350nam a22001337a 4500
082 ## - DEWEY DECIMAL CLASSIFICATION NUMBER
Classification number 616.8524
Author Mark FRE
-- L-29, P-56
100 ## - MAIN ENTRY--PERSONAL NAME
Personal name Freud, Sigmnud
9 (RLIN) 40262
245 ## - TITLE STATEMENT
Title Studies on hysteria/
260 ## - PUBLICATION, DISTRIBUTION, ETC.
Place of publication, distribution, etc. New York:
Name of publisher, distributor, etc. Pelican Book,
Date of publication, distribution, etc. c1974
300 ## - PHYSICAL DESCRIPTION
Extent 425 p.;
Dimensions 19cm
526 ## - STUDY PROGRAM INFORMATION NOTE
Program name 0
Interest level 0
Reading level 0
Title point value 616_852400000000000_FRE
650 ## - SUBJECT ADDED ENTRY--TOPICAL TERM
Topical term or geographic name entry element MCE
9 (RLIN) 379
942 ## - ADDED ENTRY ELEMENTS (KOHA)
Source of classification or shelving scheme
Koha item type Book
Holdings
Withdrawn status Lost status Source of classification or shelving scheme Damaged status Not for loan Permanent Location Current Location Date acquired Total Checkouts Full call number Barcode Date last seen Price effective from Koha item type
          Military College of Engineering (MCE) Military College of Engineering (MCE) 05/08/2014   616.8524 FRE MCE-26409A 05/08/2014 05/08/2014 Book
© 2023 Central Library, National University of Sciences and Technology. All Rights Reserved.